Arabicity : (Record no. 30968)

MARC details
000 -LEADER
fixed length control field 01171cam a2200361zi 4500
001 - CONTROL NUMBER
control field 14604124
003 - CONTROL NUMBER IDENTIFIER
control field EG-ScBUE
005 - DATE AND TIME OF LATEST TRANSACTION
control field 20250512100737.0
008 - FIXED-LENGTH DATA ELEMENTS--GENERAL INFORMATION
fixed length control field 181015t2019 enka f b 000 0 eng d
020 ## - INTERNATIONAL STANDARD BOOK NUMBER
International Standard Book Number 086356688X
020 ## - INTERNATIONAL STANDARD BOOK NUMBER
International Standard Book Number 9780863566882
035 ## - SYSTEM CONTROL NUMBER
System control number (NhCcYBP)om166824245
035 ## - SYSTEM CONTROL NUMBER
System control number 14604124
040 ## - CATALOGING SOURCE
Original cataloging agency NhCcYBP
Language of cataloging eng
Description conventions rda
Transcribing agency NhCcYBP
Modifying agency EG-ScBUE
082 04 - DEWEY DECIMAL CLASSIFICATION NUMBER
Edition number 22
Classification number 704.04209174927
Item number ARA
245 00 - TITLE STATEMENT
Title Arabicity :
Remainder of title contemporary Arab art /
Statement of responsibility, etc edited by Rose Issa and Juliet Cestar ; contributions by Rose Issa [and three others]
264 #1 - PUBLICATION, DISTRIBUTION, ETC. (IMPRINT)
Place of publication, distribution, etc London :
Name of publisher, distributor, etc Saqi Books,
Date of publication, distribution, etc [2019]
264 #4 - PUBLICATION, DISTRIBUTION, ETC. (IMPRINT)
Date of publication, distribution, etc c2019
300 ## - PHYSICAL DESCRIPTION
Extent 159 pages :
Other physical details chiefly illustrations (chiefly color) ;
Dimensions 25 cm
336 ## - CONTENT TYPE
Content type term text
Content type code txt
Source rdacontent
336 ## - CONTENT TYPE
Content type term still image
Content type code sti
Source rdacontent
337 ## - MEDIA TYPE
Media type term unmediated
Media type code n
Source rdamedia
338 ## - CARRIER TYPE
Carrier type term volume
Carrier type code nc
Source rdacarrier
504 ## - BIBLIOGRAPHY, ETC. NOTE
Bibliography, etc Includes bibliographical references.
650 #7 - SUBJECT ADDED ENTRY--TOPICAL TERM
Topical term or geographic name as entry element Art, Arab
Chronological subdivision 20th century.
Source of heading or term BUEsh
653 ## - INDEX TERM--UNCONTROLLED
Arrived date list May2025
Resource For college Arts and Design
655 ## - INDEX TERM--GENRE/FORM
Form subdivision Reading book
700 1# - ADDED ENTRY--PERSONAL NAME
Personal name Issa, Rose,
Relator term editor,
-- contributor.
700 1# - ADDED ENTRY--PERSONAL NAME
Personal name Cestar, Juliet,
Relator term editor.
942 ## - ADDED ENTRY ELEMENTS (KOHA)
Source of classification or shelving scheme Dewey Decimal Classification
Koha item type Book - Borrowing
960 ## - PHYSICAL LOCATION (RLIN)
Physical location, PLOC (RLIN) 39002134958272
987 ## - LOCAL ROMANIZATION/CONVERSION HISTORY (OCLC)
Date of conversion or review ON ORDER
Holdings
Withdrawn status Lost status Source of classification or shelving scheme Damaged status Not for loan Collection code Home library Current library Shelving location Date acquired Source of acquisition Cost, normal purchase price Serial Enumeration / chronology Total Checkouts Full call number Barcode Date last seen Cost, replacement price Price effective from Koha item type
    Dewey Decimal Classification     Baccah Central Library Central Library Second Floor 12/05/2025 Purchase 1375.00 39240   704.04209174927 ARA 000057329 10/02/2026 1718.75 12/05/2025 Book - Borrowing